000 00738nam a22001937a 4500
005 20140611111833.0
010 _aB-504789-795
020 _a9780670085019
_c599.00
035 _aB-504789-795
037 _adpl
_bK.K.Pub/Ven
082 _a301.153
245 _aMy dear Babu:
_bletters from C. Rajagopalachari to Mohandas Karamchand Gandhi/
_cedited by Gopalkrishna Gandhi
260 _aNew Delhi
_bPenguin Books India Pvt.Ltd.
_c2012
270 _a11 Community Centre, Panchsheel Park,
_bNew Delhi
_e110017
300 _a343p.:
_bill.
_c21cm(Hb)
500 _aincludes index
942 _2ddc
_cEN
_h301.153
_mMYD
999 _c85009
_d85009